[Event "FICGS theme 0252 email"]
[Site "FICGS email"]
[Date "2022.03.12"]
[Round "1"]
[White "Cirulis, Ilmars"]
[Black "Malish, Dmitriy"]
[Result "1-0"]
[WhiteElo "2241"]
[BlackElo "770"]
[PlyCount "21"]
[EventDate "2022.??.??"]
[EventType "swiss (corr)"]
[EventRounds "1"]
[SourceTitle "Corr 2024"]
[Source "ChessBase"]
[SourceDate "2023.10.19"]
[SourceVersion "1"]
[SourceVersionDate "2023.10.19"]
[SourceQuality "1"]

1. d4 d5 2. Nf3 Nf6 3. c4 e6 4. Nc3 c6 5. Qd3 dxc4 6. Qxc4 b5 7. Qd3 a6 8. g4 Nxg4 9. Rg1 Nf6 10. e4 Bb7 11. Bf4 1-0

[Event "OP-2015-0-03820"]
[Site "LSS email"]
[Date "2015.09.18"]
[Round "?"]
[White "Szczepanski, Zbigniew"]
[Black "Malish, Dmitriy"]
[Result "1-0"]
[WhiteElo "2497"]
[BlackElo "1153"]
[PlyCount "23"]
[EventDate "2015.09.12"]
[EventType "tourn (corr)"]
[EventRounds "4"]
[EventCountry "GER"]
[SourceTitle "Corr 2022"]
[Source "ChessBase"]
[SourceDate "2021.10.24"]
[SourceVersion "1"]
[SourceVersionDate "2021.10.24"]
[SourceQuality "1"]

1. d4 d5 2. c4 c6 3. g3 Nf6 4. Bg2 g6 5. cxd5 Nxd5 6. e4 Nc7 7. Nc3 e6 8. Nf3 Bg7 9. 0-0 0-0 10. e5 a6 11. Bg5 f6 12. exf6 1-0

[Event "IECC CL0-2015.00 email"]
[Site "IECC email"]
[Date "2015.09.02"]
[Round "?"]
[White "Malish, Dmitriy"]
[Black "Popov, Misha"]
[Result "0-1"]
[WhiteElo "1153"]
[BlackElo "997"]
[PlyCount "24"]
[EventDate "2015.07.25"]
[EventType "tourn (corr)"]
[EventRounds "4"]
[SourceTitle "Corr 2022"]
[Source "ChessBase"]
[SourceDate "2021.10.24"]
[SourceVersion "1"]
[SourceVersionDate "2021.10.24"]
[SourceQuality "1"]

1. e4 c5 2. Nf3 Nc6 3. d4 cxd4 4. Nxd4 e5 5. Nb5 d6 6. c4 a6 7. N5a3 Be7 8. Nc3 Nf6 9. Bg5 0-0 10. Bxf6 Bxf6 11. Nc2 Be6 12. b3 Rc8 0-1

[Event "IECC CL0-2015.00 email"]
[Site "IECC email"]
[Date "2015.09.01"]
[Round "?"]
[White "Malish, Dmitriy"]
[Black "Lenz, Juergen"]
[Result "0-1"]
[WhiteElo "1153"]
[BlackElo "1169"]
[PlyCount "60"]
[EventDate "2015.07.25"]
[EventType "tourn (corr)"]
[EventRounds "4"]
[SourceTitle "Corr 2022"]
[Source "ChessBase"]
[SourceDate "2021.10.24"]
[SourceVersion "1"]
[SourceVersionDate "2021.10.24"]
[SourceQuality "1"]

1. e4 e6 2. d4 d5 3. Nd2 Nf6 4. e5 Nfd7 5. Ngf3 c5 6. c3 Nc6 7. Bb5 Be7 8. Bxc6 bxc6 9. 0-0 0-0 10. dxc5 Nxc5 11. Nb3 Ne4 12. Nbd2 Nxd2 13. Bxd2 c5 14. Re1 Rb8 15. b3 Ba6 16. Qc2 Qb6 17. Bg5 Qd8 18. Bxe7 Qxe7 19. Rad1 g5 20. h3 Kh8 21. g4 Rbc8 22. Qd2 Rg8 23. Qe3 Bb7 24. Kg2 h6 25. h4 Rg7 26. hxg5 d4 27. cxd4 Rxg5 28. dxc5 Rxg4+ 29. Kh3 Rg6 30. b4 Kh7 0-1

[Event "IECC CL0-2015.00 email"]
[Site "IECC email"]
[Date "2015.09.01"]
[Round "?"]
[White "Masek, Lubos"]
[Black "Malish, Dmitriy"]
[Result "1-0"]
[WhiteElo "1230"]
[BlackElo "1153"]
[PlyCount "27"]
[EventDate "2015.07.25"]
[EventType "tourn (corr)"]
[EventRounds "4"]
[SourceTitle "Corr 2022"]
[Source "ChessBase"]
[SourceDate "2021.10.24"]
[SourceVersion "1"]
[SourceVersionDate "2021.10.24"]
[SourceQuality "1"]

1. d4 d5 2. Nf3 Nf6 3. h3 Nc6 4. e3 e6 5. a3 Be7 6. c4 dxc4 7. Bxc4 0-0 8. Nc3 a6 9. 0-0 h6 10. e4 Re8 11. Be3 b5 12. Ba2 Bb7 13. d5 exd5 14. exd5 1-0

[Event "IECC CL0-2015.00 email"]
[Site "IECC email"]
[Date "2015.09.01"]
[Round "?"]
[White "Shim Ng Min, Francis"]
[Black "Malish, Dmitriy"]
[Result "1-0"]
[WhiteElo "1155"]
[BlackElo "1153"]
[PlyCount "33"]
[EventDate "2015.07.25"]
[EventType "tourn (corr)"]
[EventRounds "4"]
[SourceTitle "Corr 2022"]
[Source "ChessBase"]
[SourceDate "2021.10.24"]
[SourceVersion "1"]
[SourceVersionDate "2021.10.24"]
[SourceQuality "1"]

1. e4 c5 2. Nf3 d6 3. d4 cxd4 4. Nxd4 Nf6 5. Nc3 a6 6. Bg5 e6 7. f4 Qb6 8. Qd2 Qxb2 9. Rb1 Qa3 10. f5 Nc6 11. fxe6 fxe6 12. Nxc6 bxc6 13. e5 dxe5 14. Bxf6 gxf6 15. Ne4 Qxa2 16. Rd1 Be7 17. Bd3 1-0

[Event "FICGS rapid E 000112 email"]
[Site "FICGS email"]
[Date "2013.09.14"]
[Round "1"]
[White "Bromo, Alexis"]
[Black "Malish, Dmitriy"]
[Result "1-0"]
[WhiteElo "1092"]
[BlackElo "862"]
[PlyCount "21"]
[EventDate "2013.??.??"]
[EventType "tourn (rapid)"]
[EventRounds "6"]
[SourceTitle "Corr 2022"]
[Source "ChessBase"]
[SourceDate "2021.10.24"]
[SourceVersion "1"]
[SourceVersionDate "2021.10.24"]
[SourceQuality "1"]

1. d4 d5 2. c4 e6 3. e3 dxc4 4. Bxc4 Nf6 5. Nc3 Be7 6. Nf3 0-0 7. h3 Nc6 8. a3 Re8 9. 0-0 a6 10. b4 h6 11. Re1 1-0

[Event "OP-2013-0-02810"]
[Site "LSS email"]
[Date "2013.05.31"]
[Round "?"]
[White "Malish, Dmitriy"]
[Black "Moreira, Jose Americo Paiva"]
[Result "0-1"]
[WhiteElo "1034"]
[BlackElo "1885"]
[PlyCount "32"]
[EventDate "2013.05.28"]
[EventType "tourn (corr)"]
[EventRounds "4"]
[EventCountry "GER"]
[SourceTitle "Corr 2015"]
[Source "ChessBase"]
[SourceDate "2015.07.17"]
[SourceVersion "1"]
[SourceVersionDate "2015.07.17"]
[SourceQuality "1"]

1. e4 c5 2. Nf3 d6 3. d4 cxd4 4. Nxd4 Nf6 5. Nc3 g6 6. Be3 Bg7 7. f3 Nc6 8. Qd2 0-0 9. 0-0-0 Nxd4 10. Bxd4 Be6 11. Kb1 Rc8 12. h4 h5 13. g4 Qa5 14. g5 Rxc3 15. Qxc3 Qxa2+ 16. Kc1 Rc8 0-1

[Event "RE-2013-0-00111"]
[Site "LSS email"]
[Date "2013.05.08"]
[Round "?"]
[White "Pech, Jaroslav Sr"]
[Black "Malish, Dmitriy"]
[Result "1-0"]
[WhiteElo "1385"]
[BlackElo "1034"]
[PlyCount "29"]
[EventDate "2013.02.16"]
[EventType "tourn (corr)"]
[EventRounds "6"]
[EventCountry "GER"]
[SourceTitle "Corr 2015"]
[Source "ChessBase"]
[SourceDate "2015.07.17"]
[SourceVersion "1"]
[SourceVersionDate "2015.07.17"]
[SourceQuality "1"]

1. e4 e5 2. Nf3 Nc6 3. Bb5 Nf6 4. 0-0 Nxe4 5. d4 Nd6 6. Bxc6 dxc6 7. dxe5 Nf5 8. Qxd8+ Kxd8 9. Nc3 Ke8 10. h3 h6 11. Rd1 Be7 12. Ne2 a6 13. c4 b6 14. g4 Nd6 15. exd6 1-0

[Event "LSS No Engine Cup 87 Preliminary 2"]
[Site "LSS email"]
[Date "2013.05.06"]
[Round "?"]
[White "Malish, Dmitriy"]
[Black "Husemann, Andreas"]
[Result "0-1"]
[WhiteElo "1034"]
[BlackElo "2091"]
[PlyCount "40"]
[EventDate "2013.05.07"]
[EventType "tourn (corr)"]
[EventRounds "6"]
[EventCountry "GER"]
[SourceTitle "Telechess CBM 161"]
[Source "ChessBase"]
[SourceDate "2014.07.16"]
[SourceVersion "1"]
[SourceVersionDate "2014.07.16"]
[SourceQuality "1"]

1. e4 e5 2. Nf3 Nc6 3. Bb5 a6 4. Ba4 Nf6 5. 0-0 Be7 6. Re1 b5 7. Bb3 0-0 8. c3 d6 9. d4 Bg4 10. Be3 Bh5 11. Nbd2 Na5 12. dxe5 dxe5 13. h3 Bd6 14. Bc2 c5 15. Qe2 Qc7 16. g4 Bg6 17. Nh4 c4 18. Nxg6 hxg6 19. Nf3 Nb7 20. g5 Nd7 0-1

[Event "OP-2013-0-02751"]
[Site "LSS email"]
[Date "2013.04.26"]
[Round "?"]
[White "Malish, Dmitriy"]
[Black "Oberlaender, Rolf"]
[Result "0-1"]
[WhiteElo "1034"]
[BlackElo "769"]
[PlyCount "22"]
[EventDate "2013.04.21"]
[EventType "tourn (corr)"]
[EventRounds "4"]
[EventCountry "GER"]
[SourceTitle "Corr 2015"]
[Source "ChessBase"]
[SourceDate "2015.07.17"]
[SourceVersion "1"]
[SourceVersionDate "2015.07.17"]
[SourceQuality "1"]

1. e4 e5 2. d4 d6 3. dxe5 Be6 4. exd6 Bxd6 5. Nf3 Nc6 6. Nc3 Nf6 7. Bb5 0-0 8. 0-0 a6 9. Bxc6 bxc6 10. Bg5 Be7 11. Bxf6 Bxf6 0-1

[Event "BI-2013-P-00001"]
[Site "LSS email"]
[Date "2013.04.22"]
[Round "?"]
[White "Pavlicek, Miroslav"]
[Black "Malish, Dmitriy"]
[Result "1-0"]
[WhiteElo "1934"]
[BlackElo "1037"]
[PlyCount "55"]
[EventDate "2013.04.25"]
[EventType "tourn (corr)"]
[EventRounds "10"]
[EventCountry "GER"]
[SourceTitle "Telechess CBM 167"]
[Source "ChessBase"]
[SourceDate "2015.07.13"]
[SourceVersion "1"]
[SourceVersionDate "2015.07.13"]
[SourceQuality "1"]

1. e4 c6 2. d4 d5 3. e5 Bf5 4. Nc3 e6 5. g4 Bg6 6. Nge2 c5 7. h4 h5 8. Nf4 Bh7 9. g5 cxd4 10. g6 Bxg6 11. Nxg6 fxg6 12. Qxd4 Nc6 13. Qd3 Nge7 14. Bg5 Qd7 15. 0-0-0 Nf5 16. Bh3 Rc8 17. Bxf5 gxf5 18. Qg3 Bb4 19. Ne2 Ba5 20. Bd2 Bxd2+ 21. Rxd2 Qf7 22. Rg1 Rc7 23. Kb1 b5 24. Nf4 Rh6 25. f3 Kf8 26. Qe1 Qe8 27. Rg5 Kg8 28. Rdg2 1-0

[Event "OP-2013-0-02717"]
[Site "LSS email"]
[Date "2013.04.07"]
[Round "?"]
[White "Malish, Dmitriy"]
[Black "Vananderoye, Tom"]
[Result "1-0"]
[WhiteElo "1034"]
[BlackElo "1610"]
[PlyCount "27"]
[EventDate "2013.04.04"]
[EventType "tourn (corr)"]
[EventRounds "4"]
[EventCountry "GER"]
[SourceTitle "Corr 2015"]
[Source "ChessBase"]
[SourceDate "2015.07.17"]
[SourceVersion "1"]
[SourceVersionDate "2015.07.17"]
[SourceQuality "1"]

1. e4 c5 2. Nf3 Nc6 3. d4 cxd4 4. Nxd4 e5 5. Nb5 d6 6. c4 Be7 7. Bd3 Be6 8. 0-0 Nf6 9. N1c3 a6 10. Na3 Nd7 11. Nd5 0-0 12. Nxe7+ Qxe7 13. f3 f5 14. exf5 1-0